| 000 | 00629nam a2200205Ii 4500 | ||
|---|---|---|---|
| 003 | JO-AjNU | ||
| 008 | 230606s9999||||xx |||||||||||||| ||und|| | ||
| 020 | _a978-0-300-16431-2 | ||
| 040 |
_aJO-AjNU _beng _erda _cJO-AjNU |
||
| 041 | _aeng | ||
| 050 | 1 | 4 | _aPN41.M48 2007 |
| 100 | 3 |
_aMIKICS,DAVID, _eauthor _92601 |
|
| 245 | 0 | 2 | _aA NEW HANDBOOK OF LITERARY TERMS |
| 264 | 3 | 1 | _aYALE UNIVERSITY PRESS NEW HAVEN and LONDON, 2007 |
| 300 | _a348P | ||
| 336 |
_atext _btxt _2rdacontent |
||
| 337 |
_aunmediated _bn _2rdamedia |
||
| 338 |
_avolume _bnc _2rdacarrier |
||
| 650 | 4 |
_aLiterature - Terminology - Handbooks - Criticism _92602 |
|
| 999 |
_aE1360 _c1360 _d1360 |
||